000 00595nam a2200169 4500
999 _c7450
_d7450
008 170914b xxu||||| |||| 00| 0 eng d
022 _a0091-4169
082 _aDPer 364.05 J82 2012 v. 102, n. 3
100 _922572
_aMeese, Edwin, III.
245 _aReconsidering the mistake of law defense/
_cEdwin Meese III and Paul J. Larkin, Jr.
260 _aEvanston:
_bNorthwestern University Press,
_c©2012.
300 _av102 n3, pages 725-784:
_c25 cm.
500 _aThe accounting review.
650 0 _922573
_aCriminal law
700 _922574
_aLarkin, Paul J., Jr.
_eAuthor.
942 _2ddc
_cPER